[Event "Nezhmetdinov Memorial 40th"]
[Site "Kazan"]
[Date "2018.09.13"]
[Round "1"]
[White "Bocharov, Ivan"]
[Black "Emelianov, Fedor"]
[Result "1-0"]
[WhiteElo "2565"]
[BlackElo "2124"]
[PlyCount "109"]
[EventDate "2018.09.13"]
[EventType "swiss"]
[EventRounds "9"]
[EventCountry "RUS"]
[SourceTitle "CBM 186 Extra"]
[Source "ChessBase"]
[SourceDate "2018.08.24"]
[SourceVersion "1"]
[SourceVersionDate "2018.08.24"]
[SourceQuality "1"]

1. e4 c5 2. Nf3 d6 3. d4 cxd4 4. Nxd4 Nf6 5. Nc3 g6 6. Be3 Bg7 7. f3 Nc6 8. Qd2 0-0 9. Bc4 Bd7 10. 0-0-0 Rc8 11. Bb3 Nxd4 12. Bxd4 b5 13. Nd5 Nxd5 14. Bxg7 Kxg7 15. exd5 a5 16. a3 b4 17. axb4 axb4 18. Qxb4 Rb8 19. Qc3+ Kg8 20. Rhe1 Rb7 21. Rd4 Re8 22. h4 e5 23. dxe6 Bxe6 24. Bxe6 fxe6 25. Rde4 e5 26. f4 Qxh4 27. fxe5 Qg5+ 28. Qe3 Qxe3+ 29. R4xe3 dxe5 30. Rxe5 Reb8 31. Re8+ Kf7 32. Rxb8 Rxb8 33. Re3 Kf6 34. c4 h5 35. Kc2 g5 36. Kc3 h4 37. b4 g4 38. b5 Rh8 39. b6 h3 40. gxh3 gxh3 41. c5 h2 42. Re1 h1Q 43. Rxh1 Rxh1 44. b7 Rb1 45. c6 Ke6 46. c7 Rxb7 47. c8Q+ Rd7 48. Kc4 Kd6 49. Qe8 Re7 50. Qf8 Kd7 51. Kd5 Re2 52. Qf5+ Kc7 53. Qf4+ Kb6 54. Qb4+ Ka7 55. Qa5+ 1-0

[Event "Nezhmetdinov Memorial 38th"]
[Site "Kazan"]
[Date "2016.06.07"]
[Round "8"]
[White "Emelianov, Fedor"]
[Black "Tishova, Svetlana"]
[Result "1/2-1/2"]
[WhiteElo "2134"]
[BlackElo "1946"]
[PlyCount "80"]
[EventDate "2016.05.31"]
[EventType "swiss"]
[EventRounds "9"]
[EventCountry "RUS"]
[SourceTitle "CBM 172 Extra"]
[Source "ChessBase"]
[SourceDate "2016.06.21"]
[SourceVersion "1"]
[SourceVersionDate "2016.06.21"]
[SourceQuality "1"]

1. d4 d5 2. e3 Nf6 3. Bd3 c5 4. c3 e6 5. f4 Nbd7 6. Nf3 Be7 7. 0-0 b6 8. Bd2 Bb7 9. Be1 Ne4 10. Nbd2 0-0 11. Qc2 Ndf6 12. Ne5 Nxd2 13. Bxd2 Ne4 14. Rad1 f6 15. Nf3 Qc7 16. Be1 cxd4 17. Nxd4 Qc8 18. Bh4 Bc5 19. Qe2 a5 20. Rc1 Ba6 21. c4 Qd7 22. Rfd1 Bxd4 23. Bxe4 Bc5 24. Bf2 Qe7 25. Bd3 Rad8 26. cxd5 Bxd3 27. Rxd3 Rxd5 28. Rcd1 Rfd8 29. e4 Rxd3 30. Rxd3 Bxf2+ 31. Kxf2 Qc5+ 32. Kg3 Rxd3+ 33. Qxd3 h6 34. Qd8+ Kh7 35. Qd3 e5 36. f5 Qc1 37. b3 Qg5+ 38. Kh3 Qh5+ 39. Kg3 Qg5+ 40. Kh3 Qh5+ 1/2-1/2

[Event "Nezhmetdinov Memorial 38th"]
[Site "Kazan"]
[Date "2016.06.03"]
[Round "4"]
[White "Emelianov, Fedor"]
[Black "Tunik, Gennady"]
[Result "0-1"]
[WhiteElo "2134"]
[BlackElo "2404"]
[PlyCount "120"]
[EventDate "2016.05.31"]
[EventType "swiss"]
[EventRounds "9"]
[EventCountry "RUS"]
[SourceTitle "CBM 172 Extra"]
[Source "ChessBase"]
[SourceDate "2016.06.21"]
[SourceVersion "1"]
[SourceVersionDate "2016.06.21"]
[SourceQuality "1"]

1. e4 c5 2. c3 d5 3. exd5 Qxd5 4. d4 e6 5. Nf3 Nf6 6. Na3 Qd8 7. Nc2 Nc6 8. Bf4 Be7 9. dxc5 Qxd1+ 10. Rxd1 Bxc5 11. Be2 0-0 12. 0-0 b6 13. Ncd4 Nxd4 14. Nxd4 Bb7 15. Bf3 Bxf3 16. Nxf3 Rfc8 17. Ne5 Nd5 18. Bc1 f6 19. Nd3 Bd6 20. f4 f5 21. Rfe1 Kf7 22. Kf1 b5 23. g3 a5 24. a3 Ra6 25. Be3 h6 26. Bd4 g5 27. Ne5+ Bxe5 28. Bxe5 gxf4 29. Bxf4 Nxf4 30. gxf4 Rc4 31. Rd4 Rxd4 32. cxd4 Rd6 33. Rd1 Ke7 34. Ke2 Rd8 35. Ke3 Rg8 36. Kf3 Rc8 37. Ke2 Kd6 38. Kd3 Rg8 39. Rd2 Rg4 40. Ke3 Rh4 41. Re2 Rh3+ 42. Kd2 Rf3 43. Re5 Rf2+ 44. Kc1 Rxf4 45. Rxb5 Rxd4 46. Rxa5 f4 47. Ra8 Ke7 48. Ra7+ Kf6 49. Ra8 e5 50. b4 e4 51. Re8 f3 52. b5 Kf7 53. Re5 Kg6 54. Re6+ Kg5 55. h4+ Kf4 56. b6 Rd7 57. a4 f2 58. Rf6+ Kg3 59. a5 e3 60. a6 e2 0-1

[Event "Nezhmetdinov Memorial 38th"]
[Site "Kazan"]
[Date "2016.06.02"]
[Round "3"]
[White "Ponfilenok, Vladimir"]
[Black "Emelianov, Fedor"]
[Result "1/2-1/2"]
[WhiteElo "2395"]
[BlackElo "2134"]
[PlyCount "103"]
[EventDate "2016.05.31"]
[EventType "swiss"]
[EventRounds "9"]
[EventCountry "RUS"]
[SourceTitle "CBM 172 Extra"]
[Source "ChessBase"]
[SourceDate "2016.06.21"]
[SourceVersion "1"]
[SourceVersionDate "2016.06.21"]
[SourceQuality "1"]

1. d4 Nf6 2. Nf3 e6 3. g3 d5 4. Bg2 c6 5. 0-0 Be7 6. c4 0-0 7. Qc2 b6 8. Rd1 Nbd7 9. Nc3 Ba6 10. Ne5 Qc8 11. Bf4 Nh5 12. Be3 Nhf6 13. cxd5 cxd5 14. Rac1 Qb7 15. Bg5 Rac8 16. Qd2 Rfd8 17. Qf4 h6 18. Bxf6 Nxf6 19. h4 Bb4 20. Bf3 Bxc3 21. bxc3 Qe7 22. g4 Nd7 23. g5 Nxe5 24. Qxe5 hxg5 25. hxg5 Qd6 26. Qe3 g6 27. Kg2 Kg7 28. Rh1 Rh8 29. Bg4 Rxh1 30. Rxh1 Rh8 31. Rxh8 Kxh8 32. Qe5+ Qxe5 33. dxe5 Kg7 34. Kf3 Bc4 35. a3 Kf8 36. Ke3 Ke7 37. Kd4 Kd7 38. f4 Bb5 39. e4 dxe4 40. Kxe4 Bc6+ 41. Kd4 Bd5 42. Bd1 Bc6 43. Bc2 Bb5 44. Be4 Ba4 45. Bd3 Bc6 46. c4 Ba4 47. Be4 Bc6 48. Bc2 Bg2 49. Kc3 Bc6 50. Kb4 Kc7 51. Bd3 Be8 52. Be4 1/2-1/2

[Event "Nezhmetdinov Memorial 38th"]
[Site "Kazan"]
[Date "2016.06.01"]
[Round "2"]
[White "Emelianov, Fedor"]
[Black "Shafigullina, Zarina"]
[Result "1-0"]
[WhiteElo "2134"]
[BlackElo "1901"]
[PlyCount "119"]
[EventDate "2016.05.31"]
[EventType "swiss"]
[EventRounds "9"]
[EventCountry "RUS"]
[SourceTitle "CBM 172 Extra"]
[Source "ChessBase"]
[SourceDate "2016.06.21"]
[SourceVersion "1"]
[SourceVersionDate "2016.06.21"]
[SourceQuality "1"]

1. d4 Nf6 2. c4 e6 3. Nf3 b6 4. g3 Ba6 5. b3 Bb4+ 6. Bd2 Be7 7. Bg2 c6 8. Bc3 d5 9. Ne5 Nfd7 10. Nxd7 Nxd7 11. Nd2 0-0 12. 0-0 Rc8 13. e4 b5 14. Re1 dxc4 15. bxc4 bxc4 16. Qa4 Bb5 17. Qc2 Re8 18. a4 Ba6 19. Rad1 Bf8 20. Nf1 Qb6 21. Rb1 Qc7 22. Ne3 c5 23. d5 exd5 24. Nxd5 Qd6 25. f4 Nb6 26. e5 Qh6 27. Ne3 Na8 28. Red1 Rcd8 29. Nf5 Qe6 30. Be4 Nc7 31. Ba5 Rxd1+ 32. Rxd1 Qc8 33. Nd6 Bxd6 34. Bxh7+ Kh8 35. exd6 Qe6 36. dxc7 Qe3+ 37. Qf2 Kxh7 38. Qxe3 Rxe3 39. Rd5 Ra3 40. Rh5+ Kg8 41. Rxc5 Ra1+ 42. Kf2 Rxa4 43. c8Q+ Bxc8 44. Rxc8+ Kh7 45. Bc3 a5 46. Rc5 Ra2+ 47. Ke3 Rxh2 48. Rxc4 Rc2 49. Rc5 a4 50. Kd3 Rg2 51. Rh5+ Kg8 52. Rg5 g6 53. Kc4 a3 54. Kb3 a2 55. Bb2 Kh7 56. Kxa2 f5 57. Kb3 Rg1 58. Bd4 Rf1 59. Kc4 Rc1+ 60. Kd5 1-0

[Event "Nezhmetdinov Memorial 32nd"]
[Site "Kazan"]
[Date "2010.06.02"]
[Round "3"]
[White "Emelianov, Fedor"]
[Black "Zakharov, Kirill"]
[Result "1/2-1/2"]
[WhiteElo "2165"]
[BlackElo "1911"]
[PlyCount "148"]
[EventDate "2010.05.31"]
[EventType "swiss"]
[EventRounds "9"]
[EventCountry "RUS"]
[SourceTitle "CBM 136 Extra"]
[Source "ChessBase"]
[SourceDate "2010.07.02"]
[SourceVersion "2"]
[SourceVersionDate "2010.07.15"]
[SourceQuality "1"]

1. Nf3 Nf6 2. c4 e6 3. b3 b6 4. g3 Bb7 5. Bg2 g6 6. 0-0 Bg7 7. Bb2 0-0 8. d4 d6 9. Nbd2 Ne4 10. Nxe4 Bxe4 11. Qd2 Nd7 12. Rfd1 Bb7 13. Rac1 Qe7 14. d5 e5 15. e4 f5 16. exf5 gxf5 17. Qe2 a5 18. Bh3 Nc5 19. Rc2 Rae8 20. Bc1 h6 21. Nh4 Qd7 22. Qh5 Qf7 23. Qxf7+ Rxf7 24. Nxf5 Bc8 25. Nxg7 Kxg7 26. Bxc8 Rxc8 27. Be3 Na6 28. a3 Nc5 29. Rb2 Ne4 30. Kg2 Rcf8 31. Re1 Nc5 32. Bxc5 bxc5 33. Re3 Kg6 34. b4 cxb4 35. axb4 axb4 36. Reb3 c5 37. dxc6 Rc7 38. Rd2 Rxc6 39. Rxb4 Rf6 40. Rd5 Kf7 41. Rdb5 Ke6 42. Rb7 Rf7 43. Rxf7 Kxf7 44. Kf3 Kf6 45. g4 Ra6 46. Rb3 Ra4 47. Rc3 Ra2 48. c5 dxc5 49. Rxc5 Ra3+ 50. Kg2 Ra4 51. Kg3 Ra3+ 52. f3 Ra6 53. Kh4 Ra3 54. Rc6+ Kg7 55. Rc7+ Kf6 56. Rc6+ Kg7 57. Kg3 e4 58. Re6 Rxf3+ 59. Kg2 Re3 60. h4 Kh7 61. h5 Kg8 62. Rg6+ Kh7 63. Re6 Kg7 64. Rg6+ Kh7 65. Re6 Kg7 66. Kf2 Rf3+ 67. Ke2 Rf4 68. Rg6+ Kf7 69. Ke3 Rf6 70. Rxf6+ Kxf6 71. Kxe4 Ke6 72. g5 hxg5 73. h6 Kf6 74. h7 Kg7 1/2-1/2